000 00791nam a2200205 4500
003 OSt
005 20220124104002.0
008 b le fre u
040 _aLB-BrCRDP
082 1 _a372.216
_bPS3.CRDP.Gui.
100 1 _aAssaad, Pauline Khalil
245 1 0 _aMes fiches d'activités PS3
_bEn route vers la découverte Guide pédagogique
_cPauline khalil Assaad, Zeina Yazbeck Eid
260 _aBeyrouth
_bCentre de Recherche et de Développement Pédagogiques
300 _a316 p.
_c27*20 cm.
650 _aLivres d'enseignement français -- Guide pédagogique -- Fiches d'activités -- PS3
650 _aGuide pédagogique -- Fiches d'activités -- PS3
700 1 _aYazbeck Eid, Zeina
942 _cBK
_2ddc
999 _c6636
_d6636